| 000 | 00511nam a2200169 i 4500 | ||
|---|---|---|---|
| 001 | bg | ||
| 100 | 1 | _aGRIGULIS, JUris G. | |
| 245 | 0 |
_aElektromagnitnyj metod analisa sloistych poluprowodnikowych i metalliceskich struktur / _cJuris] G. Grigulis. |
|
| 260 |
_aRiga : _bIzdat. "Zinathe", _c1970. |
||
| 300 |
_as. 271 : _brys., tab., tabl. nlb. 2. |
||
| 500 | _a[Alf. ros.]. | ||
| 040 | _cBPK | ||
| 041 | _apol | ||
| 080 | _a621.31:537.6/.8:621.35 | ||
| 942 | _cKS | ||
| 008 | s pl f |000 0 pol | ||
| 999 |
_c21041 _d21041 |
||
| 856 |
_uhttp://koha.tu.koszalin.pl/cgi-bin/koha/opac-detail.pl?biblionumber=21041 _yKatalog online BPK |
||